000 00346nam a2200157Ia 4500
100 _aLong. Jeb
250 _a2
942 _cBK
654 _aFoxpro 2.6
245 _aFoxpro 2.6 for Windows: Developers Guide
260 _bPrentice Hall
_aNew Delhi
_c1994
082 _a5.7565
_bSIE
300 _a1380
546 _aENGLISH
999 _c26714
_d26714